[Event "EU-ch 16th"]
[Site "Jerusalem"]
[Date "2015.02.27"]
[Round "4"]
[White "Dreev, Alexey"]
[Black "Ipatov, Alexander"]
[Result "1/2-1/2"]
[WhiteElo "2643"]
[BlackElo "2592"]
[Annotator "Ipatov,A"]
[PlyCount "66"]
[EventDate "2015.02.24"]
[EventType "swiss"]
[EventRounds "11"]
[EventCountry "ISR"]
[SourceTitle "CBM 166"]
[Source "ChessBase"]
[SourceDate "2015.05.11"]
[SourceVersion "1"]
[SourceVersionDate "2015.05.11"]
[SourceQuality "1"]

{I usually try to get out of theory as soon as possible, but in this game it
is not the case. Before the game I understood that if Alexey managed to obtain
a slight edge without risk out of the opening, then basically the game would
go for two results only. And it is not pleasant to try to equalise under
positional pressure against a player with such a high level of technique and
positional understanding. That's why I decided not go for something solid,
like a Slav or Queen's Gambit Declined. On the other hand, it cost me four
hours of preparation and memorising, because Alexey had around five systems in
his repertoire against the Grünfeld. After 3...d5 was played on the board,
Alexey thought for a while and chose one of his pet lines which I had looked
at during my preparation.} 1. d4 Nf6 2. c4 g6 3. Nc3 d5 4. Nf3 Bg7 5. e3 O-O 6.
Bd2 {Before I started to prepare against Alexey I was not even aware that such
a system existed!} c5 {Although the Grünfeld is not in my opening repertoire
with Black, I knew that c7-c5 is usually a good move to play in this kind of
position :) That was also the choice of Alexey's previous opponents and part
of my preparation, so I didn't hesitate much about moving my c-pawn forward.}
7. dxc5 Na6 $1 {I think, this is more concrete than 7...Nc6} (7... Nc6 {
is another way to handle this position with Black, although I am not sure
whether Black fully equalises here.} 8. Rc1 (8. Be2 {is harmless} dxc4 {
looks natural after White spent a tempo on Bf1-e2.} (8... e5 $6 {Dreev,A (2667)
-Kovalev,V (2554) Dubai 2014}) 9. Bxc4 Nd7 10. Na4 Nde5 11. Nxe5 Nxe5 12. Be2
Qd5 13. O-O Bd7 $36 {Black will win the pawn back and remain with the
initiative.}) 8... Bg4 9. cxd5 Nxd5 10. h3 (10. a3 $5 {taking the b4-square
under control.} Nxc3 11. Bxc3 Qxd1+ 12. Kxd1 Rfd8+ 13. Kc2 $5 (13. Ke1 Rd5 $1
14. Bxg7 (14. b4 Bxc3+ 15. Rxc3 Rad8 16. Be2 Bxf3 17. gxf3 (17. Bxf3 Rd2 $15 {
White had already lost his right to castle, so 0-0 is not the choice anymore.})
17... Rd2 18. b5 Rb2 19. Kf1 Na5 $44) 14... Kxg7 15. Be2 Rad8 $44 {Black has
good chances to equalise because White is unable to castle.}) 13... Bf5+ (13...
a5 $5) 14. Kb3 a5 15. Ka4 (15. Be2 a4+ (15... Be6+ 16. Ka4 $1) 16. Ka2 Be6+ 17.
Kb1 Bf5+ 18. Ka1 Be4 $44) (15. Bc4 a4+ 16. Ka2 Na5 $1) 15... Bxc3 16. Rxc3 Rd1
17. Rg1 Rb1 $44) (10. Be2 $6 {allows the invasion on d3.} Ndb4 11. O-O Nd3 12.
Rb1 Nxc5 $11) 10... Bxf3 11. Qxf3 Ndb4 12. Qe4 Qd7 13. Be2 (13. a3 Rfd8 14. Rd1
Bxc3 15. bxc3 Nd3+ 16. Bxd3 Qxd3 17. Qxd3 Rxd3 18. e4 Rad8 $11) (13. Rd1 $5)
13... Bxc3 14. Bxc3 Nxa2 15. Rc2 Nxc3 16. Rxc3 Rfd8 17. O-O Qd2 18. Rc2 Qb4 $11
{Ponomariov,R (2743)-Volokitin,A (2687) Kiev 2013}) 8. cxd5 Nxc5 9. Bc4 Bf5 (
9... a6 $5 {had been seen in practice more often than 9...Bf5. In general it
seems to be a fair alternative to the text move.} 10. a4 Nfe4 (10... Bf5 11.
O-O Rc8 12. Be1 Nfe4 ({Black can try to play in the same way as in the game :} 
12... Nce4 13. Ba2 $5 {, but here it is a different story ; thanks to the
addition of a2-a4 and a7-a6 moves, White has this retreat at his disposal.})
13. Nd4 Nxc3 14. Bxc3 Ne4 15. Bb3 Nxc3 16. bxc3 Rxc3 17. Nxf5 gxf5 18. Rb1 Qd7
19. Qe2 $14 {[%csl Rf5] and White obtained a comfortable positional edge in
Dreev,A (2654)-Xiong,J (2470) Las Vegas 2014}) 11. O-O Bg4 12. Be1 Rc8 13. Be2
Qb6 14. Nd4 Bxe2 15. Qxe2 Nxc3 16. bxc3 Rfd8 17. e4 e6 $1 18. a5 Qd6 $44 {
and Black was fine in Anand,V (2792)-Dale,A (2274) London 2014}) 10. O-O Rc8
11. Be1 {White also fails to obtain any advantage after the other moves:} (11.
Qe2 Nfe4 12. Nd4 (12. Rfd1 Nxc3 13. Bxc3 Bxc3 14. bxc3 Ne4 (14... Na4 {[%cal
Gd8a5]} 15. Rd4 Qa5 16. Ne5 Qxc3 $11) 15. Rd4 Qa5 16. g4 Qxc3 17. Rad1 Nd6 18.
gxf5 Rxc4 19. Rxc4 Qxc4 20. Qxc4 Nxc4 {1/2 Dorfman,J (2550)-Gulko,B (2565)/
Tbilisi 1978/ URS-ch'} 21. Rc1 Rc8 22. fxg6 hxg6 23. Ne5 Nb6 24. Rxc8+ Nxc8 $11
) (12. Rac1 Nd6 $1 {[%csl Rc4]} 13. e4 Ncxe4 14. Nxe4 Bxe4 15. b3 $15 {
Rajkovic,D (2490)-Schmidt,W (2505)/ Vrnjacka Banja 1978}) 12... Nxd2 13. Qxd2
Ne4 14. Nxe4 Bxe4 15. Qb4 Bxd4 16. exd4 Bxd5 17. Bxd5 Qxd5 18. Qxe7 Qxd4 19.
Qxb7 Rb8 20. Qa6 Rxb2 $11 {Zhang,Z (2600)-Le,Q (2709) Ho Chi Minh City 2014}) (
11. Nd4 Bd3 12. Bxd3 Nxd3 13. Qe2 Nc5 $1 {[%cal Gf6d5]} (13... Nxb2 14. Rab1
Nc4 15. Rxb7 Nxd5 16. Nxd5 Qxd5 17. Rxe7 {Lerner,K (2495)-Dorfman,J (2540)/
Tashkent 1980/MCL. Black is still required to play precisely in order to
equalise.}) 14. Qf3 (14. Rfd1 Nxd5 15. Nxd5 Qxd5 16. Bb4 b6 $11) (14. e4 Nfxe4)
14... Nd3 15. Qe2 ({White is not able to keep the extra pawn. For example,} 15.
b3 Ne5 16. Qg3 $2 Rxc3 $1) 15... Nc5 $11) 11... Nce4 12. Bb3 {One of the two
moments in this game when I needed to think.} ({I was only aware about} 12. Qe2
{, which had been prepared by my coach GM Evgeny Miroshnichenko. As you will
see, it will actually transpose into the game!}) 12... Nc5 $1 {This is the
only move according to Alexey Dreev during our post-mortem analysis. All other
moves fail to equalise. I also came to this conclusion after 20 minutes of
thinking.} 13. Bc4 (13. Nd4 $6 {is clearly not good because of} Bd3) (13. Bc2
Bxc2 14. Qxc2 Nxd5 15. Rd1 Nb4 16. Qb1 Qe8 $11) 13... Nce4 14. Qe2 {I was very
happy when this move was played. It meant, I was again in my preparation. Okay,
to be more precise, in my coach's preparation, because I didn't have time to
work on this particular line myself and just memorized all the variation
thirty minutes before the game :)} Bg4 15. Nxe4 Nxe4 16. h3 Bxf3 17. gxf3 Qc7
$1 $146 {An improvement.} (17... Ng5 {is less precise} 18. f4 Nf3+ 19. Kg2
Nxe1+ 20. Raxe1 Qd6 21. Bb3 Rc5 22. Rc1 Rfc8 23. Rxc5 Rxc5 24. Rd1 $14 {
Dreev,A (2679)-Artemiev,V (2621) Yerevan ARM 2014. The most logical outcome is
a draw, but White may keep torturing Black for a long time.}) 18. fxe4 (18. Bb3
Nc5 19. Bb4 Qd7 20. Bxc5 Rxc5 21. Kg2 Rfc8 22. f4 a5 23. a4 b5 24. Rfd1 Qb7 $44
) 18... Qxc4 19. Qxc4 Rxc4 20. f3 f5 21. Bh4 Kf7 {All those moves were played
quite fast by both sides. As it turned out after the game, this position was
also in Alexey's preparation.} 22. Rac1 (22. b3 Rc3 $1 23. Rae1 (23. Rac1 Rfc8
24. Rxc3 Rxc3 {would be just a transposition into the game.}) 23... Bh6 24.
exf5 gxf5 25. Kf2 (25. e4 Rg8+ 26. Kh1 (26. Kf2 Bf4 27. exf5 (27. Rg1 Rc2+ 28.
Kf1 Bd2 $1 $36) 27... Bd6 $1 $36 {[%cal Gd6c5]}) 26... Bg5 27. Bxg5 (27. Bg3
Bd2 $1) 27... Rxg5 28. Rc1 Re3 $11) 25... Rd3 26. e4 Rc8 27. exf5 Rd2+ $11 {
Black's activity is sufficient for a draw.}) 22... Rfc8 23. Rxc4 Rxc4 24. b3
Rc3 $1 25. exf5 {In this position both of us still were in our own preparation.
} Rxe3 {The second and last move in the game on which I spent a considerable
amount of time. I think, this move leads to a forced draw, but don't trust to
the comp's evaluation, it favours White's side only because of his extra pawn
in the bishop ending, which is actually a fortress!} ({Of course, I remembered
that} 25... gxf5 {was the move according to my coach's file, but over the
board I found 25...Rxe3 somewhat more forcing.} 26. Bg5 Bf6 {that was my
coach's suggestion, which may have also equalised, but still required some
precise play by Black.} (26... Be5 $1 $11 {[%cal Ge5d6] Dreev}) 27. Bf4 b6 {
[%cal Gc3c2,Gc3d3]} 28. Rd1 Rc2 29. a4 Rc3 30. b4 Ra3 31. d6 exd6 32. Rxd6 Rxa4
33. Rd7+ Ke6 34. Rxh7 a6 35. Kf2 Rxb4 $11) 26. fxg6+ hxg6 27. Re1 (27. Rc1 Be5
$1) 27... Rxe1+ 28. Bxe1 e6 $1 29. d6 (29. dxe6+ Kxe6 {this position was my
main worry while calculating the consequences of 25...Rxe3. Black is in time
to build a fortress.} 30. Kf2 Kf5 31. Ke3 b5 32. Bd2 a6 33. Kd3 Bf6 34. Bc3 Be7
$11 {[%cal Gf5f4] and the white king cannot come through}) 29... Be5 30. Bb4
Ke8 31. Kf2 Bf4 $1 {As my opponent revealed after the game he missed this
essential move in his calculation.} (31... Kd7 32. Ke3 b6 ({of course, not} 
32... Bxd6 $4 33. Bxd6 Kxd6 34. Kf4 Ke7 35. Ke5 $18 {and the pawn ending is
easily won for White.}) 33. Ke4 Bg7 {is also a fortress.}) 32. Bc5 (32. Ke2 Kd7
33. Kd3 Bxd6 34. Bxd6 Kxd6 35. Ke4 {it is a different story without the white
king on e5.} e5 $1 36. f4 exf4 37. Kxf4 Ke6 38. Kg5 Kf7 39. a3 b5 40. b4 {
setting the last trap} (40. Kh6 Kf6 41. h4 a5 42. b4 axb4 43. axb4 Kf5 44. Kg7
g5 $11) 40... Kg7 $1 $11 (40... a6 $4 41. Kh6 Kf6 42. h4 Kf5 (42... Kf7 43. Kh7
Kf6 44. Kg8 $18) 43. Kg7 g5 44. hxg5 Kxg5 45. Kf7 Kf5 46. Ke7 Ke5 47. Kd7 Kd5
48. Kc7 Kc4 49. Kb6 Kb3 50. Kxa6 Kxa3 51. Kxb5 $18)) 32... b6 33. Be3 Bxd6 {
I would like to thank my coach GM Evgeny Miroshnichenko for the excellent
preparation, thanks to which I was still in my book on move 25. It seems like
the novelty 17...Qc7 equalises, which was also confirmed by my opponent at the
post-mortem analysis.} 1/2-1/2

[Event "Groningen op"]
[Site "Groningen"]
[Date "1993.??.??"]
[Round "11"]
[White "Hutters, Tomas"]
[Black "Schwartzman, Gabriel"]
[Result "1-0"]
[WhiteElo "2430"]
[BlackElo "2480"]
[Annotator "Kharitonov,A"]
[PlyCount "111"]
[EventDate "1993.12.??"]
[EventType "swiss"]
[EventRounds "11"]
[EventCountry "NED"]
[SourceTitle "CBM 039"]
[Source "ChessBase"]
[SourceDate "1994.04.01"]
[SourceVersion "1"]
[SourceVersionDate "1994.04.01"]
[SourceQuality "1"]

1. Nf3 d5 2. c4 c6 3. e3 Nf6 4. Nc3 g6 5. d4 Bg7 6. Be2 O-O 7. O-O dxc4 (7...
Bg4 $6 8. cxd5 cxd5 9. Qb3 $14) 8. Bxc4 Bg4 9. h3 Bxf3 10. Qxf3 Nbd7 11. Rd1 e5
12. d5 e4 13. Nxe4 (13. Qf4 Qe7 14. dxc6 bxc6 $13) 13... Nxe4 (13... Ne5 $1 14.
Nxf6+ Bxf6 15. Qe2 Nxc4 16. Qxc4 cxd5 17. Rxd5 Qb6 $44 18. e4 Bxb2 19. Bxb2 {
Kharitonov,A-Shestoperov,A/SSSR/1992/0,5 (19)/}) 14. Qxe4 Nf6 15. Qf3 cxd5 16.
Bxd5 Nxd5 17. e4 $1 (17. Rxd5 Qb6 $44) (17. Qxd5 $6 Qxd5 18. Rxd5 Rfd8) 17...
Rc8 (17... Qb6 18. exd5 Rfd8 19. Rb1 $16) (17... Qf6 18. exd5 $1 Qxf3 19. gxf3
Rfd8 20. Be3 b6 21. Rd2 Rac8 $14) 18. exd5 Rc2 19. Qb3 $16 Qc8 20. Rb1 Rd8 21.
Be3 b6 22. Rbc1 Rxc1 23. Rxc1 Qf5 24. Rd1 Qe5 25. Qa4 $1 Rxd5 (25... Qc7 26.
Bf4 Be5 (26... Qb7 27. Qb3) 27. d6 $1 Qc5 (27... Bxd6 28. Bxd6 Rxd6 29. Qe8+
Kg7 30. Qe5+ $18) 28. Bxe5 Qxe5 29. d7 $18) 26. Rxd5 Qxd5 27. Qxa7 (27. Qe8+
Bf8 28. Bh6 Qd1+ 29. Kh2 Qd6+ $10) 27... Qd1+ (27... Bxb2 28. Bxb6 $16) 28. Kh2
Qd6+ 29. g3 Bd4 30. Qa8+ Kg7 31. Qa3 $1 (31. Bxd4+ $2 Qxd4 $10) 31... Bc5 (
31... Qf6 32. Bxd4 Qxd4 33. Qc3 Qxc3 34. bxc3 Kf6 35. Kg2 Ke5 36. Kf3 Kd5 37.
Ke3 $18) 32. Qc3+ f6 33. Bxc5 bxc5 34. a4 $18 g5 35. Qc4 h5 36. Kg2 Qc6+ 37.
Kg1 Qb6 38. Qb5 Qd6 39. Qc4 f5 40. a5 f4 41. gxf4 gxf4 42. Qe4 $1 Kh6 43. Kg2
Kg5 44. Qb7 Qe6 45. a6 f3+ (45... Kh4 46. Qf3) 46. Qxf3 $1 Qxa6 47. Qd5+ Kh6
48. Qe5 Qb6 (48... Qg6+ 49. Kf3 Qc6+ 50. Kf4 $18) 49. Kg3 Kg6 50. h4 Qd8 51.
Qxc5 Qb8+ 52. f4 Qxb2 53. Qg5+ Kf7 54. Qxh5+ Kf8 55. Qg6 Qe2 56. Qf5+ (56. Qf5+
Kg8 57. Qg4+ $18) (56. Qf5+ Ke7 57. Qe5+ $18) 1-0

[Event "Groningen op"]
[Site "Groningen"]
[Date "1993.??.??"]
[Round "5"]
[White "Shipov, Sergei"]
[Black "Gretarsson, Helgi Ass"]
[Result "1-0"]
[WhiteElo "2500"]
[BlackElo "2365"]
[Annotator "Kharitonov,A"]
[PlyCount "137"]
[EventDate "1993.12.??"]
[EventType "swiss"]
[EventRounds "11"]
[EventCountry "NED"]
[SourceTitle "CBM 039"]
[Source "ChessBase"]
[SourceDate "1994.04.01"]
[SourceVersion "1"]
[SourceVersionDate "1994.04.01"]
[SourceQuality "1"]

1. d4 d5 2. c4 c6 3. Nf3 Nf6 4. e3 g6 5. Nc3 Bg7 6. Bd3 O-O 7. O-O Bg4 8. h3
Bxf3 9. Qxf3 e6 10. Rd1 (10. Bd2 Nbd7 11. cxd5 Nxd5 (11... cxd5 $6 12. Rfc1 $36
) (11... exd5 12. b4 $14) 12. Rfd1 (12. Nxd5 exd5 13. b4) 12... Qe7 $6 (12...
Nxc3 13. Bxc3 Qe7 $10) 13. Rac1 $14 {Gurevich,M-Yusupov,A/Groningen/1992/0:1 
(54) Inf 54/561/}) 10... Nbd7 11. Bd2 (11. b3 $5) 11... Re8 12. Be1 (12. Qe2 e5
) (12. Rac1 $5) 12... Qe7 13. Qe2 Rad8 14. Rac1 a6 15. Qc2 dxc4 16. Bxc4 e5 17.
dxe5 Nxe5 18. Be2 $14 Rxd1 19. Rxd1 Rd8 20. Rxd8+ Qxd8 21. Qd1 Qe7 (21... Qxd1
22. Nxd1 $14) 22. g3 Ned7 23. Qc2 Ne8 (23... Qc5 $5) (23... b5 $5) 24. Kg2 Nd6
25. b3 Bf6 26. Kh2 h5 (26... Qe5 $5) 27. Kg2 Qe5 (27... h4 $2 28. g4) 28. Qd1
Nc5 29. Bf3 Nb5 30. Na4 $5 Kg7 (30... Nxa4 31. bxa4 Nd6 (31... Nc3 32. Qd7 $16)
32. Qb3 $14) 31. Bb4 Ne4 (31... Be7 $5) 32. h4 (32. Qd7 Ng5 33. Qxb7 Nxf3 34.
Kxf3 Qf5+ $10) 32... c5 33. Ba5 Nbd6 34. Bc7 $1 b5 (34... Qe7 $2 35. Bxd6 Nxd6
36. Nxc5) 35. Nb6 Qe6 36. Nd5 Nf5 $2 (36... Be5 $1 $10) 37. Nxf6 Nxf6 38. Bf4
$16 Ne7 39. Qc2 c4 40. bxc4 Qxc4 (40... bxc4 41. Be2 $18) 41. Qb2 $2 (41. Qxc4
bxc4 42. Be5) 41... Qe6 42. Be5 Neg8 43. Bd4 Kh7 44. Qb3 $1 Qe7 (44... Qxb3 45.
axb3 $16) 45. Qc3 Qe6 46. Qc6 $1 Qf5 47. Qxa6 Ne4 48. Qb7 Nd2 49. Bc6 b4 50.
Qd7 (50. Qxb4 Qd3 51. Qb5 $18) 50... Qxd7 51. Bxd7 b3 52. axb3 Nxb3 53. Bb6 Nd2
54. f3 Nc4 55. Bd4 Ne7 56. e4 Kg8 57. Bc5 Ne5 58. Bb5 N5c6 59. Kf2 f6 60. Ke3
Kf7 61. f4 Nd8 62. Bc4+ Ke8 63. Bxe7 $1 Kxe7 64. Bd5 Kd7 65. Kd4 Ke8 66. e5 Ke7
67. Kc5 (67. exf6+ Kxf6 68. Ke4 Ne6 69. Bxe6 Kxe6 $10) 67... fxe5 68. fxe5 Kd7
69. Kd4 {/\Ke4-f4-g5/} 1-0

[Event "RUS-chT 11th"]
[Site "Sochi"]
[Date "2004.04.23"]
[Round "4.4"]
[White "Vekshenkov, Nikolai"]
[Black "Timofeev, Artyom"]
[Result "1-0"]
[WhiteElo "2462"]
[BlackElo "2591"]
[Annotator "Kortschnoj,V"]
[PlyCount "71"]
[EventDate "2004.04.20"]
[EventType "team-tourn"]
[EventRounds "9"]
[EventCountry "RUS"]
[SourceTitle "EXT 2020"]
[Source "ChessBase"]
[SourceDate "2019.10.17"]
[SourceVersion "1"]
[SourceVersionDate "2019.10.17"]
[SourceQuality "1"]
[WhiteTeam "Vladivostok Debiut-DVGU"]
[BlackTeam "Kazan Ladya"]
[WhiteTeamCountry "RUS"]
[BlackTeamCountry "RUS"]

1. d4 {Ftacnik} Nf6 2. Nf3 g6 3. c4 Bg7 4. Nc3 d5 5. e3 O-O 6. Bd2 c5 7. dxc5
Na6 {This variation is well known and has a reputation of quite reliable for
black.} 8. cxd5 Nxc5 9. Bc4 a6 10. a4 Bf5 11. O-O Rc8 12. Nd4 ({Another
continuation:} 12. Qe2 Nfe4 {with about equal chances.}) 12... Bd3 13. Bxd3
Nxd3 14. Qb1 ({Or} 14. Qb3 Nc5 15. Qa2 Nce4 {and black will soon equalize the
position.}) 14... Ne5 {'?' Ftacnik. Ftacnik: 'The first independent move in
the game proves to be a mistake. Timofeev will not be able to win back the
sacrificed pawn.'} ({The theory claims equality in the position after} 14...
Nb4 15. e4 Nfxd5 16. Nxd5 Nxd5 17. Nf3 Nc7 18. Ba5 Qd7 {and so on.}) ({Judging
by what happened in the game we may assume that white was going to apply a
novelty:} 14... Nb4 15. Nce2 Nbxd5 ({Still, after} 15... Nfxd5 16. e4 Bxd4 17.
Nxd4 Nf4 {(or 17...Rc4) white would not have achieved much.}) 16. e4 {with
good chances to get an edge!}) 15. e4 Qb6 $2 {Inaccuracy; first 15...Nc4 and
then, after 16.Nf3 or 16.Nb3 - Qb6 was much stronger.} (15... Nc4 {Ftacnik} 16.
Rd1 $1 (16. Nf3 Qc7 17. Rc1 Ng4 18. Nd1 (18. Rc2 Nce5 19. Nxe5 Qxe5 20. g3 Qh5
21. h4 Bd4 $13) 18... Nxd2 19. Rxc7 Nxb1 20. Rxc8 Rxc8 21. Rxb1 Rc4 $11) 16...
Qb6 17. Bc1 Ng4 18. Nce2 Qf6 19. f3 $16) 16. Nce2 $1 $16 {'!' Ftacnik. This
move came as a great shock for black - it turned out that he lost a pawn
without any compensatoin for it.} e6 {Trying to weaken the white stronghold in
the centre, black at the same time weakens his pawn formation.} 17. dxe6 fxe6
18. Bc3 g5 19. h3 Rf7 20. a5 Qd6 21. f4 $5 {Certainly, white could without
heist, gradually strengthen his position - Qc2, Rad1 - but he wants it faster
- he will win the square e6 for his knights! Ftacnik: 'Vekshenkov has improved
his pieces and is ready to open up the position.'} gxf4 22. Nxf4 Rc4 {It is
impossible to protect the pawn e6.} (22... Re7 23. Qa2 Rce8 (23... Rc4 24.
Ndxe6 Rxe6 25. Nxe6 Qxe6 26. Bxe5 $18) 24. Nf5 $18) 23. Ndxe6 Nxe4 24. Qd1 Qxd1
(24... Rxf4 $6 25. Rxf4 Qxe6 $2 26. Qd8+ $18) 25. Raxd1 Nxc3 {Black would like
to recapture a pawn, but falls into a deadly pin. 25...Rc8 was more
curcumspect.} 26. Rd8+ $1 Bf8 27. bxc3 Nc6 {Now and then taking on c3 was not
possible because of Ne2! with an imediate win.} 28. Ra8 $18 Re4 29. g3 h6 30.
Rd1 Rf6 31. h4 Re5 (31... Rfxe6 32. Nxe6 Rxe6 33. Rf1 $18) (31... Re3 32. Kg2
Rxc3 $2 33. Rd7 Re3 34. Rxf8+ Rxf8 35. Rg7+ Kh8 36. Ng6#) 32. Nxf8 Rxf8 33.
Rxf8+ Kxf8 34. Ng6+ Kf7 35. Nxe5+ Nxe5 36. Rb1 1-0

[Event "EU-Cup 24th"]
[Site "Kallithea"]
[Date "2008.10.22"]
[Round "6"]
[White "Aronian, Levon"]
[Black "Volokitin, Andrei"]
[Result "1-0"]
[WhiteElo "2757"]
[BlackElo "2659"]
[Annotator "Krasenkow,M"]
[PlyCount "63"]
[EventDate "2008.10.17"]
[EventType "team-swiss"]
[EventRounds "7"]
[EventCountry "GRE"]
[SourceTitle "CBM 127"]
[Source "ChessBase"]
[SourceDate "2008.11.13"]
[SourceVersion "1"]
[SourceVersionDate "2008.11.13"]
[SourceQuality "1"]
[WhiteTeam "Erevan MIKA"]
[BlackTeam "Saransk"]
[WhiteTeamCountry "ARM"]
[BlackTeamCountry "RUS"]

1. d4 d5 2. c4 c6 3. Nc3 Nf6 4. e3 g6 5. Nf3 Bg7 6. h3 {Quite a rare reply to
the Schlechter system.} O-O 7. Bd3 Be6 {Entering a little-explored area.} (7...
Nbd7 {is the main move here.}) 8. Ng5 $1 {Logical. White didn't achieve
anything in the following games:} (8. b3 c5 $1 9. Bb2 Nc6 10. O-O cxd4 11. exd4
dxc4 12. Bxc4 Bxc4 13. bxc4 b6 14. Rc1 Rc8 15. Qe2 Na5 16. Ne5 Nd7 17. Rfd1 Qe8
18. Nd5 e6 19. Nxd7 exd5 20. Qxe8 Rfxe8 21. cxd5 Rcd8 22. Rc7 Re7 23. Rdc1 f6
24. Ne5 Rxc7 25. Rxc7 fxe5 26. dxe5 Rxd5 27. Rc8+ Kf7 28. Rc7+ Kg8 29. Rc8+ Kf7
30. Rc7+ Kg8 {1/2 Krasenkow,M (2545)-Kamsky,G (2510)/Paris 1990/EXT 1997}) (8.
Qe2 Nbd7 9. cxd5 cxd5 10. O-O Bf5 11. Bd2 Nb6 12. b3 Ne4 13. Rfc1 Qd7 14. Be1
a6 15. Rc2 Rac8 16. Rac1 Rc6 17. Nb1 Rfc8 $11 {1/2 Cramling,P (2496)-Timman,J 
(2620)/Malmo 2001/CBM 084 (33)}) 8... Bf5 9. Bxf5 gxf5 10. Qb3 Qb6 11. Qc2 $5
e6 12. g4 $5 {A new interesting plan, "justifying" h2-h3.} h6 (12... Ne4 $5 13.
h4 h6 14. Ngxe4 fxe4 15. g5 $36 {[%cal Yc1d2,Ye1c1]}) 13. Nf3 fxg4 14. hxg4
Nxg4 15. e4 $5 dxc4 (15... Na6 $5) 16. e5 Nd7 17. Be3 f5 18. O-O-O c5 19. d5 $1
f4 $2 {This inaccurate move leads to a forced loss but Black's defense was far
from easy:} (19... Ndxe5 20. Nxe5 Nxe5 21. Bxh6 $44) (19... Rae8 $5 20. Rhg1 $1
$44) 20. Ng5 $1 {[%mdl 128] Starting a brilliant attack.} hxg5 (20... Rf5 21.
Nxe6) 21. Qh7+ Kf7 22. Ne4 (22. dxe6+ $142 $1 Qxe6 (22... Kxe6 23. Rxd7 $1 Kxd7
24. Qxg7+ $18) 23. Ne4 Ke8 $8 24. Qxg7 {[%cal Rd1d7]} Ngxe5 $1 25. Bxc5 $1 (25.
Nd6+ $143 $2 Kd8) 25... Nd3+ (25... Nxc5 26. Nd6+) 26. Rxd3 cxd3 27. Re1 Rg8 $1
28. Nd6+ Kd8 29. Nf7+ $1 Kc7 30. Rxe6 Rxg7 31. Bd6+ Kc6 32. Bf8+ $18) 22...
exd5 23. e6+ $1 Kxe6 24. Qxg7 Ngf6 (24... Qc6 25. Nxc5+ $1 (25. Qg6+ $143 Rf6)
25... Nxc5 26. Bxc5 Qxc5 27. Rde1+ Ne3 28. fxe3 $18) (24... Rad8 $142 $1 {
although White's attack after} 25. Qxg5 Ngf6 26. Nxf6 Nxf6 27. Bxf4 $16 {
can hardly be parried.}) 25. Bxc5 $1 (25. Nxc5+ $144 $1 Nxc5 26. Bxc5 Qxc5 $8)
25... Nxc5 26. Nxc5+ Qxc5 (26... Kd6 27. Nxb7+ Kc6 28. Rde1 $1 $18 {->}) (26...
Kf5 27. Nd7 $1 Qc7 28. Rh6 $1 $18) 27. Rde1+ Kf5 28. Rh5 $3 Nxh5 29. Re5+ Kg4
30. Qxg5+ Kf3 31. Qxh5+ Kxf2 (31... Kg2 32. Qg4+) 32. Qe2+ {Authors copy games
like Ed.Lasker-Thomas from one book to another being too lazy to look for much
better examples in modern practice!} (32. Qe2+ Kg3 33. Rg5+ Kh4 34. Qh5#) 1-0